| 000 | 02879nam a22002297a 4500 | ||
|---|---|---|---|
| 003 | NALT | ||
| 005 | 20231102092217.0 | ||
| 008 | 220531b th ||||| |||| 00| 0 tha d | ||
| 040 | _aNALT | ||
| 086 | _aมธ 02 1.1 2564 | ||
| 110 | 2 |
_918148 _aมูลนิธิพระบรมราชานุสรณ์พระบาทสมเด็จพระปกเกล้าเจ้าอยู่หัวและสมเด็จพระนางเจ้ารำไพพรรณี. |
|
| 245 | 1 | 0 |
_aรายงานกิจการประจำปี 2564 มูลนิธิพระบรมราชานุสรณ์พระบาทสมเด็จพระปกเกล้าเจ้าอยู่หัวและสมเด็จพระนางเจ้ารำไพพรรณี / _cมูลนิธิพระบรมราชานุสรณ์พระบาทสมเด็จพระปกเกล้าเจ้าอยู่หัวและสมเด็จพระนางเจ้ารำไพพรรณี. |
| 260 |
_aกรุงเทพฯ : _bมูลนิธิพระบรมราชานุสรณ์พระบาทสมเด็จพระปกเกล้าเจ้าอยู่หัวและสมเด็จพระนางเจ้ารำไพพรรณี, _c2565. |
||
| 300 |
_a48 หน้า : _bภาพประกอบ, ตาราง ; _c30 ซม. |
||
| 505 | 2 | _aสารจากประธานกรรมการมูลนิธิฯ -- บทความ -- พระโอวาทของประธานกรรมการมูลนิธีฯ -- กิจกรรมมอบทุนการศึกษา ประจำปีการศึกษา 2564 -- กิจกรรมสนับสนุนการแพทย์พยาบาล -- กิจกรรมเผยแพร่ทางเฟสบุ๊ค มูลนิธิฯ -- รายนามผู้บริจาคเงิน -- งบการเงิน -- คณะกรรมการมูลนิธิฯ -- วัตถุประสงค์ของมูลนิธิฯ. | |
| 610 | 2 | 4 |
_958881 _aมูลนิธิพระบรมราชานุสรณ์พระบาทสมเด็จพระปกเกล้าเจ้าอยู่หัวและสมเด็จพระนางเจ้ารำไพพรรณี _xรายงานประจำปี _y2564 |
| 850 | _aNALT | ||
| 856 | 4 | 0 |
_uhttps://web.parliament.go.th/assets/portals/62/ebookcategory/125_annual_report_64/#page=1 _yเอกสารฉบับเต็ม |
| 942 |
_cGOV _2local |
||
| 996 |
_ajamriang.p _bCATSTF _c2023-07-20 |
||
| 999 |
_c100225 _d100225 |
||
| 998 |
_j1524 _k นางสาวศรัณย์ภร ชำนาญป่า |
||